Normal view
MARC view
- Civitello, Andrew M.,
Entry Personal Name
001 - CONTROL NUMBER
- control field: 86874
003 - CONTROL NUMBER IDENTIFIER
- control field: NUST
005 - DATE AND TIME OF LATEST TRANSACTION
- control field: 20211221152115.0
008 - FIXED-LENGTH DATA ELEMENTS
- fixed length control field: 211221|| aca||aabn | a|a d
040 ## - CATALOGING SOURCE
- Original cataloging agency: NUST
- Transcribing agency: NUST
100 ## - HEADING--PERSONAL NAME
- Personal name: Civitello, Andrew M.,
- Dates associated with a name: 1954-
670 ## - SOURCE DATA FOUND
- Source citation: Work cat.: (NUST)32165: Civitello, Andrew M., 1954-, Construction Operations Manual of Policies and Procedures /, c2008.
